Normal view
MARC view
- Erduran, Sibel
Entry Personal Name
001 - CONTROL NUMBER
- control field: 15120
003 - CONTROL NUMBER IDENTIFIER
- control field: OSt
005 - DATE AND TIME OF LATEST TRANSACTION
- control field: 20260204125549.0
008 - FIXED-LENGTH DATA ELEMENTS
- fixed length control field: 260204|| aca||aabn | a|a d
040 ## - CATALOGING SOURCE
- Original cataloging agency: OSt
- Transcribing agency: OSt
100 ## - HEADING--PERSONAL NAME
- Personal name: Erduran, Sibel
670 ## - SOURCE DATA FOUND
- Source citation: Work cat.: (OSt)5991: Taber, S Keith 15117, Advances in chemistry Education series :